|
|
|
|
| LEADER |
01016cam a2200265 7i4500 |
| 001 |
0000027746 |
| 005 |
20170704090000.0 |
| 008 |
170704s2001 -cn eng |
| 020 |
# |
0 |
|a 0415215102 (hbk)
|
| 020 |
# |
0 |
|a 0415215110 (pbk)
|
| 090 |
0 |
0 |
|a RJ 503
|b .C6 2001
|
| 245 |
0 |
0 |
|a Community-based psychotherapy with young people :
|b evidence and innovation in practice
|c [edited by] Geoffrey Baruch.
|
| 260 |
# |
# |
|a Philadelphia, PA:
|b Brunner-Routledge,
|c 2001.
|
| 300 |
# |
# |
|a 190 p.;
|c 24 cm..
|
| 504 |
0 |
0 |
|a Includes bibliographical references and index.
|
| 650 |
0 |
0 |
|a Children --
|x Counseling of
|
| 650 |
0 |
0 |
|a Adolescent psychotherapy
|
| 650 |
0 |
0 |
|a Youth --
|x Counseling of
|
| 650 |
0 |
0 |
|a Community Mental Health Services --
|x Adolescence
|
| 650 |
0 |
0 |
|a Community mental health services
|
| 650 |
0 |
0 |
|a Child psychotherapy
|
| 650 |
0 |
0 |
|a Psychotherapy --
|x Adolescence
|
| 700 |
1 |
1 |
|a Baruch, Geoff
|
| 999 |
|
|
|a 1100011977
|b Book
|c Open Shelf
|e KOLEKSI TERBUKA
|
| 999 |
|
|
|a 1100009326
|b Book
|c Open Shelf
|e KOLEKSI TERBUKA
|